[Event "Guernsey International Chess Festival 2"]
[Site "?"]
[Date "2019.10.24"]
[Round "5.12"]
[White "Coenen, Albert"]
[Black "Nevska, Gerda"]
[Result "1-0"]
[WhiteElo "1899"]
[BlackElo "1858"]
[PlyCount "77"]
[EventDate "2019.??.??"]

1. c4 Nf6 2. Nc3 d5 3. cxd5 Nxd5 4. d4 e6 5. e4 Nb6 6. Nf3 c5 7. Be3 a6 8. dxc5
Qxd1+ 9. Rxd1 N6d7 10. Na4 b5 11. cxb6 Bb7 12. Bd3 Bb4+ 13. Ke2 Nc6 14. a3 Be7
15. b4 Nce5 16. Nxe5 Nxe5 17. f3 Bc6 18. Nc5 Nxd3 19. Nxd3 a5 20. Nc5 axb4 21.
axb4 O-O 22. Kf2 Rfb8 23. Nd7 Ra2+ 24. Kg3 Rb7 25. Ne5 Be8 26. Bc5 Bf6 27. Nc4
g5 28. e5 Be7 29. Ra1 Rc2 30. Na5 Bxc5 31. bxc5 Rb8 32. Rhc1 Re2 33. b7 h5 34.
c6 f5 35. exf6 e5 36. h3 h4+ 37. Kh2 Rd8 38. c7 Rdd2 39. Rg1 1-0

[Event "Guernsey International Chess Festival 2"]
[Site "?"]
[Date "2019.10.24"]
[Round "5.13"]
[White "Hamann, Marcus"]
[Black "Ingham, H William"]
[Result "1/2-1/2"]
[WhiteElo "1802"]
[BlackElo "1807"]
[PlyCount "81"]
[EventDate "2019.??.??"]

1. e4 d5 2. exd5 Nf6 3. d4 Nxd5 4. Nf3 Bg4 5. Be2 e6 6. O-O Nc6 7. c4 Nb6 8. c5
Nd7 9. h3 Bh5 10. Nc3 Be7 11. Be3 O-O 12. a3 Bf6 13. g4 Bg6 14. Bb5 e5 15. Bxc6
bxc6 16. d5 e4 17. dxc6 Ne5 18. Nxe5 Bxe5 19. Qxd8 Raxd8 20. Rad1 Bxc3 21. bxc3
Rd3 22. Rxd3 exd3 23. f4 Be4 24. Rd1 Rd8 25. Bd4 f5 26. Rd2 g6 27. Kf2 Re8 28.
Be5 Re6 29. Bxc7 Rxc6 30. Bd6 Ra6 31. Ke3 Kf7 32. Ra2 Ra4 33. g5 Ke6 34. Be5
Kd5 35. Bd4 Kc4 36. Rb2 Rxa3 37. c6 Bxc6 38. Rb4+ Kd5 39. Kxd3 a5 40. Rb2 Ra4
41. Rb8 1/2-1/2

[Event "Guernsey International Chess Festival 2"]
[Site "?"]
[Date "2019.10.24"]
[Round "5.14"]
[White "Kirk, Matthew"]
[Black "Hall, Alan"]
[Result "0-1"]
[WhiteElo "1722"]
[BlackElo "1684"]
[PlyCount "102"]
[EventDate "2019.??.??"]

1. d4 Nf6 2. c4 e5 3. dxe5 Ng4 4. Bf4 Nc6 5. Nf3 Bb4+ 6. Nbd2 Qe7 7. e3 Ngxe5
8. Nxe5 Nxe5 9. Be2 Ng6 10. Bg3 O-O 11. O-O Bd6 12. Bxd6 Qxd6 13. Ne4 Qxd1 14.
Rfxd1 d6 15. Rac1 Be6 16. Nc3 a6 17. b3 Rab8 18. g3 f5 19. Bf3 Rf7 20. Bh5 Rd7
21. Bxg6 hxg6 22. Rd4 b5 23. cxb5 axb5 24. Nd5 c5 25. Rd2 Kf7 26. a4 Ra7 27.
axb5 Rxb5 28. Rc3 Rab7 29. Nf4 g5 30. Nxe6 Kxe6 31. Rdd3 d5 32. Rd1 g6 33. Ra1
R7b6 34. Ra8 d4 35. exd4 cxd4 36. Rd3 Rb4 37. Re8+ Kd5 38. f3 g4 39. fxg4 fxg4
40. Rd1 Re6 41. Rd8+ Rd6 42. Rf8 Rxb3 43. Rf4 Kc4 44. Rxg4 Kc3 45. Re4 d3 46.
Kf2 Rb2+ 47. Ke1 Rxh2 48. Rc1+ Kb2 49. Rd1 d2+ 50. Kf1 Kc2 51. Kg1 Kxd1 0-1

[Event "Guernsey International Chess Festival 2"]
[Site "?"]
[Date "2019.10.24"]
[Round "5.15"]
[White "Turner, David J"]
[Black "Stanners, Michael J"]
[Result "1/2-1/2"]
[WhiteElo "1746"]
[BlackElo "1752"]
[PlyCount "101"]
[EventDate "2019.??.??"]

1. Nf3 d6 2. g3 Nf6 3. Bg2 g6 4. O-O Bg7 5. d3 O-O 6. Nbd2 Nbd7 7. e4 e5 8. Qe1
c6 9. Kh1 Qc7 10. Nh4 d5 11. Rb1 dxe4 12. dxe4 b6 13. f3 a5 14. Rg1 Ba6 15. Bf1
Bxf1 16. Nxf1 Nc5 17. g4 Ne6 18. Ng3 Rfd8 19. Ng2 Rd7 20. h4 Rad8 21. Be3 c5
22. Ne2 Nd4 23. Bxd4 cxd4 24. Rc1 Bf8 25. h5 Qd6 26. Qh4 Rc8 27. Ng3 Qe6 28. a4
Rdc7 29. Ne1 Ne8 30. Rg2 Qf6 31. Qxf6 Nxf6 32. hxg6 hxg6 33. Nd3 Nd7 34. g5 Bg7
35. Nf1 Nc5 36. Nxc5 bxc5 37. Nd2 c4 38. b3 cxb3 39. Nxb3 Rc3 40. Rb1 Rxf3 41.
Nxa5 Rd3 42. Rb4 Rdc3 43. Rb2 Bf8 44. Rf2 Ba3 45. Rb7 R3c7 46. Rb3 Bc1 47. Nb7
Bxg5 48. Nd6 Ra8 49. a5 Bf4 50. Nb5 Rc6 51. Nxd4 1/2-1/2

[Event "Guernsey International Chess Festival 2"]
[Site "?"]
[Date "2019.10.24"]
[Round "5.16"]
[White "Van Hoek, Wim"]
[Black "Hermes, Geoff R"]
[Result "0-1"]
[WhiteElo "1863"]
[BlackElo "1833"]
[PlyCount "122"]
[EventDate "2019.??.??"]

1. e3 d6 2. d4 Nf6 3. f4 Bg4 4. Nf3 c6 5. Be2 Nbd7 6. O-O e6 7. c4 Be7 8. Nc3
Bxf3 9. Bxf3 d5 10. b3 O-O 11. Kh1 Qa5 12. Bd2 Qc7 13. Rc1 Nb6 14. Qe2 Qd8 15.
Rfd1 Rc8 16. c5 Nbd7 17. b4 b5 18. a4 a6 19. Ra1 Ra8 20. Be1 Qc7 21. Bg3 Qb7
22. Rd2 a5 23. Rb2 axb4 24. Rxb4 Nxc5 25. dxc5 Bxc5 26. Rbb1 b4 27. Bf2 Qa6 28.
Qxa6 Rxa6 29. Ne2 Rfa8 30. Nd4 Bd6 31. Be2 Rxa4 32. Rxa4 Rxa4 33. Nxc6 Ne4 34.
Be1 b3 35. Bd1 Ra6 36. Nd4 b2 37. Bc2 Rb6 38. Bxe4 dxe4 39. Bc3 Ra6 40. Nc2 Rc6
41. Rxb2 Rxc3 42. g3 g6 43. Kg2 Bc5 44. Kf2 Kg7 45. Ke2 Kf6 46. Nd4 Bxd4 47.
exd4 Rd3 48. Rb4 h5 49. Kf2 h4 50. Kg2 hxg3 51. hxg3 Kg7 52. Ra4 Rd2+ 53. Kf1
Kf6 54. Ke1 Rg2 55. Ra3 Kf5 56. Re3 f6 57. Ra3 Kg4 58. Ra6 Kf3 59. Rxe6 e3 60.
Kd1 Rg1+ 61. Kc2 e2 0-1

[Event "Guernsey International Chess Festival 2"]
[Site "?"]
[Date "2019.10.24"]
[Round "5.17"]
[White "Denning, Julie L"]
[Black "Nielsen, Jorgen Holmstrom"]
[Result "0-1"]
[WhiteElo "1625"]
[BlackElo "1715"]
[PlyCount "52"]
[EventDate "2019.??.??"]

1. d4 Nf6 2. c4 e6 3. Bg5 Bb4+ 4. Nd2 h6 5. Bxf6 Qxf6 6. e3 c5 7. Ngf3 Nc6 8.
d5 Ne5 9. Ng1 O-O 10. h3 d6 11. Rb1 Bd7 12. a3 Ba5 13. b4 cxb4 14. axb4 Bc7 15.
Be2 exd5 16. cxd5 Qg6 17. Kf1 Bb6 18. f4 Nd3 19. Nc4 Bf5 20. Rb3 Nxf4 21. exf4
Bc2 22. Bd3 Bxd1 23. Bxg6 fxg6 24. Rd3 Rxf4+ 25. Ke1 Rxc4 26. Kxd1 Rxb4 0-1

[Event "Guernsey International Chess Festival 2"]
[Site "?"]
[Date "2019.10.24"]
[Round "5.18"]
[White "Bakkes, Frits"]
[Black "Baart, Edwin"]
[Result "0-1"]
[WhiteElo "1605"]
[BlackElo "1746"]
[PlyCount "66"]
[EventDate "2019.??.??"]

1. c4 Nf6 2. Nc3 g6 3. d4 Bg7 4. e4 d6 5. f4 O-O 6. Nf3 Bg4 7. Be2 e6 8. h3
Bxf3 9. Bxf3 c6 10. g4 e5 11. g5 Nfd7 12. d5 exf4 13. Bxf4 Ne5 14. Be2 Qe7 15.
h4 Nxc4 16. O-O Bxc3 17. bxc3 Ne5 18. Rb1 c5 19. a4 Rc8 20. Bh2 Rc7 21. a5 Nbd7
22. Qd2 Rf8 23. h5 c4 24. Kh1 Nc5 25. hxg6 Nxg6 26. Qd4 Qxe4+ 27. Qxe4 Nxe4 28.
Rbc1 Ne5 29. Rf4 Nc5 30. Rf6 Ne4 31. Bxe5 dxe5 32. d6 Rd7 33. Rf5 Ng3+ 0-1

[Event "Guernsey International Chess Festival 2"]
[Site "?"]
[Date "2019.10.24"]
[Round "5.19"]
[White "Vonhoff, Joerg"]
[Black "Knudsen, Jan"]
[Result "1/2-1/2"]
[WhiteElo "1654"]
[BlackElo "1603"]
[PlyCount "84"]
[EventDate "2019.??.??"]

1. e4 c5 2. Nf3 d6 3. d4 cxd4 4. Nxd4 Nf6 5. Nc3 Nc6 6. Be2 e5 7. Nxc6 bxc6 8.
O-O Bb7 9. Bg5 Be7 10. Qd2 O-O 11. Rad1 Qc7 12. Bxf6 gxf6 13. Qh6 Kh8 14. Rd3
Rg8 15. Rh3 Rg7 16. Bd3 Rag8 17. g3 Bc8 18. Rh4 f5 19. exf5 Bxh4 20. Qxh4 Rg4
21. Qh6 d5 22. f3 R4g5 23. Kf2 Qb6+ 24. Ke2 Ba6 25. Qf6+ R5g7 26. Rb1 Bxd3+ 27.
cxd3 Qc7 28. h4 e4 29. dxe4 Qxg3 30. Ke3 d4+ 31. Kxd4 Qxf3 32. Kc4 c5 33. Kxc5
Qe3+ 34. Kc4 Rc8+ 35. Kb3 Qd3 36. Rd1 Rb8+ 37. Ka3 Qg3 38. Rd8+ Rxd8 39. Qxd8+
Rg8 40. Qd4+ Rg7 41. Qd8+ Rg8 42. Qd4+ Rg7 1/2-1/2

[Event "Guernsey International Chess Festival 2"]
[Site "?"]
[Date "2019.10.24"]
[Round "5.20"]
[White "Kearsley, Raymond J"]
[Black "Finch, Russell"]
[Result "1-0"]
[WhiteElo "1597"]
[BlackElo "1638"]
[PlyCount "45"]
[EventDate "2019.??.??"]

1. e4 c6 2. d4 d5 3. exd5 cxd5 4. c4 Nf6 5. Nc3 Nc6 6. Nf3 Bg4 7. cxd5 Nxd5 8.
Bb5 e6 9. Qa4 Bb4 10. Ne5 a6 11. Bxc6+ bxc6 12. Qxc6+ Kf8 13. O-O Rc8 14. Qa4
Bxc3 15. bxc3 Be2 16. Re1 Nxc3 17. Qa3+ Kg8 18. Be3 f6 19. Rac1 Nb5 20. Rxc8
Qxc8 21. Rc1 Qb7 22. Qb3 fxe5 23. Qxe6+ 1-0

[Event "Guernsey International Chess Festival 2"]
[Site "?"]
[Date "2019.10.24"]
[Round "5.21"]
[White "McGill, Brendan"]
[Black "Parfett, Gerald F"]
[Result "1/2-1/2"]
[WhiteElo "1195"]
[BlackElo "1633"]
[PlyCount "103"]
[EventDate "2019.??.??"]

1. d4 Nf6 2. Bf4 e6 3. Nf3 d5 4. e3 c5 5. c3 Nc6 6. Bd3 c4 7. Bc2 Qb6 8. Qc1
Be7 9. O-O O-O 10. Nbd2 Bd7 11. e4 Qd8 12. e5 Nh5 13. Be3 g6 14. a4 a5 15. b3
cxb3 16. Nxb3 f5 17. exf6 Nxf6 18. Bh6 Re8 19. Bxg6 hxg6 20. Qg5 Bf8 21. Qxg6+
Kh8 22. Ng5 Re7 23. Qxf6+ Kg8 24. Qg6+ Kh8 25. Qf6+ Kg8 26. Bxf8 Qxf8 27. Qxf8+
Rxf8 28. Nc5 Bc8 29. f4 b6 30. Nd3 Ba6 31. Rad1 Rc8 32. Rfe1 Nd8 33. Ne5 Rxc3
34. Rc1 Rec7 35. Rxc3 Rxc3 36. Nd7 b5 37. axb5 Bxb5 38. Nc5 Rc4 39. Ngxe6 Nc6
40. Nc7 Nxd4 41. Nxb5 Nxb5 42. Nd3 a4 43. Kf2 a3 44. Rc1 a2 45. Ra1 Rc2+ 46.
Ke3 Rxg2 47. Nf2 d4+ 48. Kf3 Rxh2 49. Rxa2 Rh7 50. Ra6 Rd7 51. Ne4 Kf7 52. Nc5
1/2-1/2

[Event "Guernsey International Chess Festival 2"]
[Site "?"]
[Date "2019.10.24"]
[Round "5.22"]
[White "Kershaw, Graham"]
[Black "Colsen, Manuel"]
[Result "0-1"]
[WhiteElo "1631"]
[BlackElo "1583"]
[PlyCount "64"]
[EventDate "2019.??.??"]

1. e4 c6 2. d4 d5 3. exd5 cxd5 4. c4 e6 5. Nc3 Nf6 6. a3 Be7 7. Nf3 O-O 8. c5
Nc6 9. b4 Ne4 10. Qc2 Nxc3 11. Qxc3 a6 12. Bf4 g5 13. Be3 f5 14. Ne5 f4 15. Bc1
Nxe5 16. dxe5 d4 17. Qf3 Rf5 18. Bd3 Rxe5+ 19. Kf1 Qf8 20. h4 Qh6 21. Be4 a5
22. Bb2 axb4 23. Bxd4 Rxc5 24. Bxc5 Bxc5 25. Bxb7 Bxb7 26. Qxb7 Rxa3 27. Rxa3
bxa3 28. Qc8+ Bf8 29. Qc2 Qf6 30. Ke2 Qe5+ 31. Kf3 Qd5+ 32. Kg4 Qxg2+ 0-1

[Event "Guernsey International Chess Festival 2"]
[Site "?"]
[Date "2019.10.24"]
[Round "5.23"]
[White "Nalichowski, Bogdan"]
[Black "Haisma, Henk"]
[Result "0-1"]
[WhiteElo "1375"]
[BlackElo "1725"]
[PlyCount "118"]
[EventDate "2019.??.??"]

1. e4 c5 2. Bc4 e6 3. Nc3 Nc6 4. a3 Nf6 5. d3 Be7 6. Nf3 d6 7. h3 a6 8. O-O b5
9. Ba2 O-O 10. b3 Qc7 11. Bf4 Bb7 12. Ne2 e5 13. Bg3 Rac8 14. c3 h6 15. c4 Nh5
16. Nh2 Nd4 17. Nxd4 Nxg3 18. fxg3 exd4 19. Rc1 Qc6 20. cxb5 axb5 21. a4 Bg5
22. Rc2 bxa4 23. Nf3 Bf6 24. Nh4 Bxh4 25. gxh4 Qb5 26. Rcf2 axb3 27. Bxb3 Rc7
28. Bc4 Qe8 29. Qg4 Kh8 30. Rf3 f6 31. Rg3 Bc8 32. Qf4 Qe5 33. Qf2 Be6 34. Bxe6
Qxe6 35. Rf3 Ra8 36. g4 Ra2 37. Qg3 Qe5 38. Rf4 g5 39. hxg5 hxg5 40. R4f3 Qxg3+
41. Rxg3 Kg7 42. Rgf3 Rf7 43. R1f2 Rxf2 44. Kxf2 Kg6 45. Kg3 Re7 46. Rf5 Re5
47. h4 gxh4+ 48. Kxh4 Rxf5 49. gxf5+ Kf7 50. Kg3 Ke7 51. Kf3 Kd7 52. Ke2 d5 53.
Kf3 Kd6 54. Kf4 dxe4 55. dxe4 c4 56. e5+ fxe5+ 57. Ke4 c3 58. Kd3 Kd5 59. Ke2
e4 0-1

[Event "Guernsey International Chess Festival 2"]
[Site "?"]
[Date "2019.10.24"]
[Round "5.24"]
[White "O'connell, Denis"]
[Black "Gunn, Michael J"]
[Result "1-0"]
[WhiteElo "1787"]
[BlackElo "1608"]
[PlyCount "43"]
[EventDate "2019.??.??"]

1. e4 b6 2. d4 Bb7 3. Nc3 e6 4. Bd3 d6 5. Nge2 Nd7 6. O-O Be7 7. f4 c5 8. d5
exd5 9. Nxd5 Bxd5 10. exd5 Ngf6 11. c4 O-O 12. Qc2 g6 13. b3 Re8 14. Bb2 Bf8
15. Rf3 Bg7 16. Raf1 Rf8 17. Ng3 Qe8 18. h4 h5 19. Qc3 Kh7 20. Re1 Qd8 21. Ne4
Rg8 22. Ng5+ 1-0

[Event "Guernsey International Chess Festival 2"]
[Site "?"]
[Date "2019.10.24"]
[Round "5.25"]
[White "Foster, Paul"]
[Black "Goris Schouwstra, Adry"]
[Result "1-0"]
[WhiteElo "1533"]
[BlackElo "1662"]
[PlyCount "67"]
[EventDate "2019.??.??"]

1. e4 e6 2. d4 d5 3. e5 c5 4. c3 Nc6 5. Nf3 Qb6 6. a3 c4 7. Qc2 Bd7 8. Be2 h6
9. O-O Na5 10. Nbd2 Ne7 11. Bd1 O-O-O 12. b4 cxb3 13. Nxb3 Nxb3 14. Qxb3 Qa6
15. Re1 Nc6 16. Be2 Qa5 17. Bd2 Qc7 18. c4 Be8 19. c5 Be7 20. a4 f6 21. a5 a6
22. Reb1 Bg6 23. Rb2 Be4 24. Be3 Rd7 25. Qa4 g5 26. Rb6 Nd8 27. c6 Nxc6 28.
Bxa6 Kd8 29. Rxb7 Qc8 30. Rxd7+ Qxd7 31. Bb5 Kc7 32. Rc1 Rb8 33. Bxc6 Qc8 34.
Bd7+ 1-0

[Event "Guernsey International Chess Festival 2"]
[Site "?"]
[Date "2019.10.24"]
[Round "5.26"]
[White "Foran, Barry"]
[Black "Bennett, Delroy"]
[Result "1-0"]
[WhiteElo "1627"]
[BlackElo "1326"]
[PlyCount "110"]
[EventDate "2019.??.??"]

1. d4 d5 2. Nf3 Bg4 3. Ne5 Bh5 4. Qd3 f6 5. Qb5+ Nd7 6. Nxd7 Qxd7 7. Qxb7 Qc8
8. Qxd5 Bf7 9. Qa5 e6 10. e4 a6 11. Bd3 Qb8 12. O-O Bd6 13. Re1 c6 14. Qa4 Ne7
15. c4 Bxh2+ 16. Kh1 Bd6 17. Nd2 O-O 18. Nf3 Qb4 19. Qxb4 Bxb4 20. Re2 f5 21.
a3 fxe4 22. Bxe4 Bd6 23. Bd2 Rac8 24. b4 Nf5 25. Bc3 Bh5 26. Bxf5 exf5 27. Re6
Bxf3 28. gxf3 Rf6 29. Rxf6 gxf6 30. Bd2 Re8 31. Re1 Kf7 32. Rxe8 Kxe8 33. Kg2
Kd7 34. a4 Kc7 35. Kh3 Kb7 36. Kh4 f4 37. Kh5 Bf8 38. c5 Kc7 39. Bxf4+ Kd7 40.
Be3 Ke6 41. Kg4 Kd5 42. Kf5 Be7 43. Kf4 h5 44. Kf5 Bd8 45. a5 Bc7 46. f4 Kc4
47. d5 cxd5 48. c6 Kb5 49. Bd4 Bd8 50. Bxf6 Bc7 51. Be7 Kxc6 52. Bc5 h4 53. Kg4
d4 54. Bxd4 Bxf4 55. Kxf4 Kd6 {... Remaining moves unreadable, but 1-0, 63.}
1-0

[Event "Guernsey International Chess Festival 2"]
[Site "?"]
[Date "2019.10.24"]
[Round "5.27"]
[White "Collins, Alan"]
[Black "Henry, Eric"]
[Result "1-0"]
[WhiteElo "1615"]
[BlackElo "1591"]
[PlyCount "69"]
[EventDate "2019.??.??"]

1. f4 d5 2. Nf3 Nf6 3. d3 c5 4. g3 b6 5. Bg2 Bb7 6. O-O e6 7. c3 Be7 8. Na3 O-O
9. Nc2 Nc6 10. Qe1 Qc7 11. e4 dxe4 12. dxe4 e5 13. f5 c4 14. Bg5 Ne8 15. Bxe7
Qxe7 16. Qe2 Nd6 17. Nd2 b5 18. Ne3 f6 19. a4 a6 20. Nd5 Qf7 21. b3 cxb3 22.
Nxb3 Ne7 23. Nxe7+ Qxe7 24. Nc5 Bc6 25. Qa2+ Kh8 26. Qe6 Qxe6 27. Nxe6 Rfc8 28.
axb5 Bxb5 29. Rfd1 Nc4 30. Kf2 Nb2 31. Rd2 Nd3+ 32. Kg1 Rxc3 33. Bf1 Rac8 34.
Rad1 Rc1 35. Bxd3 1-0

[Event "Guernsey International Chess Festival 2"]
[Site "?"]
[Date "2019.10.24"]
[Round "5.28"]
[White "Goman, Colin"]
[Black "Bennett, David"]
[Result "1/2-1/2"]
[WhiteElo "1671"]
[BlackElo "1401"]
[PlyCount "133"]
[EventDate "2019.??.??"]

1. d4 c5 2. Nf3 cxd4 3. Qxd4 Nc6 4. Qc3 e6 5. Bd2 Nf6 6. e3 Bb4 7. Qd3 Bxd2+ 8.
Qxd2 Ne4 9. Qd1 O-O 10. Bd3 Nf6 11. O-O d5 12. Nbd2 e5 13. e4 Bg4 14. Be2 d4
15. Ne1 Bxe2 16. Qxe2 Rc8 17. Nd3 Qc7 18. f4 Rfe8 19. f5 Qb6 20. Kh1 Nb4 21.
Nxb4 Qxb4 22. Nb3 Qc4 23. Rf2 Qc6 24. Re1 Qc4 25. Qf3 b6 26. c3 dxc3 27. Rc2
Qb4 28. bxc3 Qa4 29. g4 Rc4 30. Rce2 h6 31. Nd2 Rc5 32. Nf1 Rec8 33. Qg3 Nh7
34. h4 R8c6 35. Rd2 Rc8 36. Re3 Nf6 37. Qf3 Rc4 38. Ng3 Qc6 39. Rdd3 Nd7 40. g5
Nc5 41. Rd5 Re8 42. gxh6 Qxh6 43. h5 Qf4 44. Qe2 b5 45. Rd1 Qh4+ 46. Kg2 Qg5
47. Rh1 Qh6 48. Qf3 Nd7 49. Rh3 Ra4 50. Re2 Rc8 51. Qd3 Nb6 52. Qxb5 Rxc3 53.
Qxe5 Rc8 54. Nf1 Rac4 55. Ne3 R4c6 56. Kh2 Nd7 57. Qg3 Nf6 58. Rg2 Nxh5 59.
Rxh5 Qxh5+ 60. Kg1 Qh6 61. f6 Rc1+ 62. Nf1 Qxf6 63. Rf2 Qd4 64. Qf4 R1c4 65.
Qxf7+ Kh7 66. Qh5+ Kg8 67. Qf7+ 1/2-1/2

[Event "Guernsey International Chess Festival 2"]
[Site "?"]
[Date "2019.10.24"]
[Round "5.29"]
[White "Harnden, Terry"]
[Black "Kirkwood, Robin"]
[Result "1/2-1/2"]
[WhiteElo "1499"]
[BlackElo "1628"]
[PlyCount "66"]
[EventDate "2019.??.??"]

1. e4 b6 2. d4 Bb7 3. Nc3 e6 4. Be3 g6 5. Qd2 Bg7 6. O-O-O d6 7. f3 Nd7 8. Bc4
a6 9. a3 b5 10. Ba2 Nb6 11. Nge2 Nc4 12. Bxc4 bxc4 13. h4 h6 14. g4 Ne7 15. Ng3
f5 16. gxf5 exf5 17. d5 Kd7 18. Bd4 Qf8 19. Bxg7 Qxg7 20. Qd4 Qxd4 21. Rxd4 f4
22. Nge2 g5 23. hxg5 hxg5 24. Rxh8 Rxh8 25. Rxc4 Ng6 26. Rd4 Ne5 27. Ng1 Rh1
28. Rd1 a5 29. b3 Ba6 30. Kd2 Rh2+ 31. Kc1 Rf2 32. Rd2 Rf1+ 33. Rd1 Rf2 1/2-1/2

[Event "Guernsey International Chess Festival 2"]
[Site "?"]
[Date "2019.10.25"]
[Round "6.10"]
[White "Strade, Arita"]
[Black "Coenen, Albert"]
[Result "1-0"]
[WhiteElo "1882"]
[BlackElo "1899"]
[PlyCount "43"]
[EventDate "2019.??.??"]

1. e4 Nf6 2. e5 Nd5 3. d4 d6 4. c4 Nb6 5. exd6 exd6 6. Nc3 Be7 7. Be3 Nc6 8.
Rc1 Bf5 9. b3 O-O 10. Bd3 Bxd3 11. Qxd3 Bg5 12. f4 Bf6 13. Nf3 Re8 14. O-O Qd7
15. Bf2 Re7 16. Ne4 Qf5 17. Nxf6+ Qxf6 18. d5 Qxf4 19. dxc6 bxc6 20. c5 Nd5 21.
cxd6 cxd6 22. Rxc6 1-0

[Event "Guernsey International Chess Festival 2"]
[Site "?"]
[Date "2019.10.25"]
[Round "6.12"]
[White "Hoogakker, Peter"]
[Black "Turner, David J"]
[Result "1-0"]
[WhiteElo "1788"]
[BlackElo "1746"]
[PlyCount "43"]
[EventDate "2019.??.??"]

1. e4 d6 2. d4 Nf6 3. Nc3 g6 4. a3 Bg7 5. f4 O-O 6. Nf3 Bg4 7. h3 Bxf3 8. Qxf3
c6 9. Be3 d5 10. e5 Ne8 11. f5 Nc7 12. O-O-O b5 13. h4 f6 14. fxg6 fxe5 15.
gxh7+ Kh8 16. Qg4 e4 17. h5 Qd6 18. h6 Bf6 19. Bf4 e5 20. dxe5 Bxe5 21. Qg7+
Bxg7 22. hxg7+ 1-0

[Event "Guernsey International Chess Festival 2"]
[Site "?"]
[Date "2019.10.25"]
[Round "6.13"]
[White "Ingham, H William"]
[Black "Hermes, Geoff R"]
[Result "1/2-1/2"]
[WhiteElo "1807"]
[BlackElo "1833"]
[PlyCount "87"]
[EventDate "2019.??.??"]

1. d4 d6 2. Bf4 g6 3. e3 Bg7 4. Nf3 Nd7 5. h3 e5 6. Bh2 Qe7 7. Be2 Ngf6 8. O-O
O-O 9. c4 c6 10. Nc3 a6 11. Qc2 Re8 12. Rfd1 b6 13. b4 e4 14. Nd2 d5 15. b5
axb5 16. cxd5 Nxd5 17. Nxd5 cxd5 18. Bxb5 Ba6 19. a4 Bxb5 20. axb5 Rxa1 21.
Rxa1 Nc5 22. Nb3 Nd3 23. Qc6 Qe6 24. Ra6 Rc8 25. Qxb6 Qf5 26. Bg3 h5 27. Nc5
Nxc5 28. dxc5 d4 29. Qd6 dxe3 30. fxe3 Bf8 31. Qe5 Bxc5 32. Qxf5 gxf5 33. Kf2
Rd8 34. Bf4 Rd2+ 35. Kf1 Rb2 36. Rf6 Rxb5 37. Rxf5 Rb1+ 38. Ke2 Rb2+ 39. Kd1
Bb6 40. g3 Rb3 41. Rxh5 Bxe3 42. Be5 f6 43. Bxf6 Kf7 44. Bh4 1/2-1/2

[Event "Guernsey International Chess Festival 2"]
[Site "?"]
[Date "2019.10.25"]
[Round "6.14"]
[White "Nielsen, Jorgen Holmstrom"]
[Black "Hamann, Marcus"]
[Result "0-1"]
[WhiteElo "1715"]
[BlackElo "1802"]
[PlyCount "58"]
[EventDate "2019.??.??"]

1. Nc3 d5 2. e4 d4 3. Nce2 e5 4. Ng3 Be6 5. Nf3 Nd7 6. d3 c5 7. Ng5 Qb6 8. Be2
Ngf6 9. O-O h6 10. Nxe6 fxe6 11. Bh5+ Kd8 12. c4 g5 13. a3 a5 14. Rb1 Qc6 15.
a4 Be7 16. b3 Kc7 17. Bg4 Nxg4 18. Qxg4 Nf6 19. Qe2 Rac8 20. Bd2 b6 21. Be1 Qe8
22. f3 h5 23. Nh1 h4 24. g3 Nh5 25. Rf2 Qg6 26. Bd2 Qh7 27. Kg2 hxg3 28. hxg3
Nf4+ 29. Bxf4 Qh2+ 0-1

[Event "Guernsey International Chess Festival 2"]
[Site "?"]
[Date "2019.10.25"]
[Round "6.15"]
[White "Nevska, Gerda"]
[Black "Kearsley, Raymond J"]
[Result "0-1"]
[WhiteElo "1858"]
[BlackElo "1597"]
[PlyCount "84"]
[EventDate "2019.??.??"]

1. c4 e5 2. Nc3 Nc6 3. g3 f5 4. d3 Nf6 5. Bg2 Bc5 6. e3 O-O 7. a3 d6 8. b4 Bb6
9. Nd5 Nxd5 10. Bxd5+ Kh8 11. Bb2 Ne7 12. Bg2 a5 13. Ne2 Ng6 14. Qc1 Qe7 15.
O-O axb4 16. axb4 Rxa1 17. Qxa1 f4 18. exf4 Bg4 19. Re1 Qf7 20. h3 Be6 21. d4
Bxc4 22. dxe5 dxe5 23. Bxb7 Bxe2 24. Rxe2 Qd7 25. Bg2 exf4 26. Bf1 fxg3 27. Rd2
gxf2+ 28. Kh2 Qf7 29. Kh1 Be3 30. Rd1 Nh4 31. Bg2 Nxg2 32. Kxg2 Qf3+ 33. Kf1
Qxh3+ 34. Ke2 Qf3+ 35. Kf1 Qf7 36. Kg2 Qg6+ 37. Kf1 Re8 38. Be5 Qf7 39. Qc3 Bb6
40. Kg2 Qg6+ 41. Bg3 h5 42. Rh1 Re3 0-1

[Event "Guernsey International Chess Festival 2"]
[Site "?"]
[Date "2019.10.25"]
[Round "6.16"]
[White "Stanners, Michael J"]
[Black "Remie, Peter"]
[Result "0-1"]
[WhiteElo "1752"]
[BlackElo "1688"]
[PlyCount "80"]
[EventDate "2019.??.??"]

1. b3 d5 2. Bb2 Bf5 3. e3 e6 4. Nf3 Nf6 5. d4 Be7 6. Nbd2 Nbd7 7. Be2 h6 8. O-O
O-O 9. Bd3 Bxd3 10. cxd3 c6 11. Ne5 Nxe5 12. dxe5 Nd7 13. f4 f5 14. e4 dxe4 15.
dxe4 Nc5 16. Qe2 Qd3 17. Qxd3 Nxd3 18. Bc3 Bc5+ 19. Kh1 Nf2+ 20. Rxf2 Bxf2 21.
exf5 Rxf5 22. g3 Bc5 23. Ne4 Be7 24. Nd6 Bxd6 25. exd6 Rd5 26. Be5 Kf7 27. Kg2
Rd2+ 28. Kh3 a5 29. a4 Rd3 30. Rb1 Ra6 31. b4 Rb6 32. b5 cxb5 33. axb5 Rbxd6
34. Bxd6 Rxd6 35. Kg4 b6 36. h4 Rd5 37. h5 g6 38. hxg6+ Kxg6 39. Rb3 h5+ 40.
Kf3 Kf5 0-1

[Event "Guernsey International Chess Festival 2"]
[Site "?"]
[Date "2019.10.25"]
[Round "6.17"]
[White "Colsen, Manuel"]
[Black "Kirk, Matthew"]
[Result "1/2-1/2"]
[WhiteElo "1583"]
[BlackElo "1722"]
[PlyCount "93"]
[EventDate "2019.??.??"]

1. Nf3 d5 2. d4 c6 3. Bf4 Bf5 4. e3 e6 5. c4 Nd7 6. Nbd2 Ngf6 7. Be2 Be7 8. O-O
h6 9. h3 O-O 10. Rc1 Qb6 11. Qb3 c5 12. Qxb6 axb6 13. a3 Rfc8 14. Ne5 cxd4 15.
Nxd7 Nxd7 16. exd4 Nf6 17. Nf3 dxc4 18. Bxc4 Be4 19. Ne5 Bc6 20. Nxc6 bxc6 21.
Be2 Nd5 22. Be3 Bf6 23. Bf3 Ra4 24. Bxd5 exd5 25. Rfd1 b5 26. Rd3 b4 27. axb4
Rxb4 28. b3 Kf8 29. Kf1 Ke7 30. g3 Kd7 31. Ra1 Rcb8 32. Rb1 g5 33. g4 Re8 34.
f3 Ra8 35. Rd2 Ra3 36. Rd3 Ra2 37. Kg1 Re2 38. Bf2 Rb8 39. Kf1 Rbe8 40. Re1
Rxe1+ 41. Bxe1 Bd8 42. Bf2 Bb6 43. h4 Bc7 44. hxg5 hxg5 45. Re3 Rxe3 46. Bxe3
f6 47. Ke2 1/2-1/2

[Event "Guernsey International Chess Festival 2"]
[Site "?"]
[Date "2019.10.25"]
[Round "6.18"]
[White "Baart, Edwin"]
[Black "Van Hoek, Wim"]
[Result "0-1"]
[WhiteElo "1746"]
[BlackElo "1863"]
[PlyCount "104"]
[EventDate "2019.??.??"]

1. d4 d5 2. c4 e6 3. Nc3 f5 4. cxd5 exd5 5. Nf3 Nf6 6. Bg5 c6 7. e3 Be7 8. g3
O-O 9. Bg2 Nbd7 10. O-O h6 11. Bxf6 Bxf6 12. Qc2 Qe7 13. Rac1 Nb6 14. Nd2 Bd7
15. Ne2 g5 16. Nb3 Nc4 17. Nc5 Rae8 18. Nxd7 Qxd7 19. b3 Nd6 20. Kh1 Kg7 21.
Rce1 Bd8 22. Nc1 Ne4 23. Nd3 Bc7 24. Nc5 Qc8 25. Kg1 Ba5 26. Nxe4 fxe4 27. Re2
g4 28. Qd1 Rf3 29. Rc2 Rf6 30. Qe2 Ref8 31. a3 Bc7 32. b4 h5 33. b5 h4 34. Rfc1
Rxf2 35. Qxf2 Rxf2 36. Rxf2 hxg3 37. hxg3 Bxg3 38. Rfc2 Qf5 39. bxc6 bxc6 40.
Re2 Qf6 41. Rf1 Qg5 42. Rc1 Qh6 43. Rb1 Bh2+ 44. Kf1 Bd6 45. Rb7+ Kg6 46. Rxa7
g3 47. Ra6 Qf8+ 48. Kg1 Qc8 49. Rb6 Qc7 50. Rb3 c5 51. dxc5 Qxc5 52. Reb2 Bf4
0-1

[Event "Guernsey International Chess Festival 2"]
[Site "?"]
[Date "2019.10.25"]
[Round "6.19"]
[White "Collins, Alan"]
[Black "O'connell, Denis"]
[Result "1/2-1/2"]
[WhiteElo "1615"]
[BlackElo "1787"]
[PlyCount "37"]
[EventDate "2019.??.??"]

1. f4 e5 2. fxe5 d6 3. Nf3 dxe5 4. e4 Bg4 5. Bc4 Bxf3 6. Qxf3 Nf6 7. d3 Bc5 8.
Bg5 Nbd7 9. Nc3 c6 10. Na4 Qa5+ 11. Nc3 b5 12. Bb3 Bb4 13. Bd2 Nc5 14. O-O Nxb3
15. axb3 Qd8 16. Ra6 Bc5+ 17. Be3 Bxe3+ 18. Qxe3 Qd4 19. Qxd4 1/2-1/2